[Event "XXXIV Memorial Edoardo Crespi B"]
[Site "Milano ITA"]
[Date "2013.12.08"]
[Round "7"]
[White "Viotti, Alberto"]
[Black "Cagnotto, Marco"]
[WhiteElo "1609"]
[BlackElo "1494"]
[Result "1-0"]
[PlyCount "73"]
[EventDate "2013.12.04"]

1. d4 Nf6 2. Nf3 g6 3. Bg5 Bg7 4. Nbd2 O-O 5. e3 d6 6. c3 Bg4 7. Be2 c5 8. O-O
Nc6 9. h3 Bf5 10. Nh4 Bd7 11. Bd3 cxd4 12. exd4 Nd5 13. Nhf3 h6 14. Bh4 Nf4 15.
Bc2 Qc8 16. Bg3 Nh5 17. Bh2 Nf6 18. Ne4 Nxe4 19. Bxe4 Bf5 20. Qd3 Bxe4 21. Qxe4
Qd7 22. Rad1 d5 23. Qe3 e6 24. Ne5 Nxe5 25. Bxe5 Bxe5 26. dxe5 Kg7 27. c4 Qa4
28. cxd5 exd5 29. Rxd5 Qxa2 30. Qd4 Kh7 31. Rd7 b6 32. Rd1 Qb3 33. Qe4 Rae8 34.
R1d6 Kh8 35. Qf4 Qxb2 36. Qxh6+ Kg8 37. Rxg6+ 1-0